[Event "Pribina - TPK Cup   Mistrovství ÈR junio"]
[Site "Havlíèkùv Brod - hotel Slunce"]
[Date "2012.11.28"]
[Round "5.26"]
[White "Richterová, Nataša"]
[Black "Fusková, Martina"]
[Result "1-0"]
[WhiteElo "1945"]
[BlackElo "1716"]
[PlyCount "53"]
[EventDate "2012.11.25"]

1. e4 c5 2. Nf3 Nc6 3. d4 cxd4 4. Nxd4 e5 5. Nb5 d6 6. N1c3 a6 7. Na3 Be7 8.
Nc4 b5 9. Ne3 Nf6 10. g3 O-O 11. Bg2 b4 12. Ncd5 Nxd5 13. Nxd5 Bg5 14. Bxg5
Qxg5 15. O-O Rb8 16. Qd3 Rd8 17. Qc4 Nd4 18. c3 bxc3 19. bxc3 Ne6 20. h4 Qg4
21. Ne7+ Kh8 22. Nc6 d5 23. Qd3 Bd7 24. Nxd8 Bb5 25. Nxf7+ Kg8 26. Nxe5 Qh5 27.
Qxd5 1-0

[Event "Pribina - TPK Cup   Mistrovství ÈR junio"]
[Site "Havlíèkùv Brod - hotel Slunce"]
[Date "2012.11.28"]
[Round "5.27"]
[White "Liduch, Filip"]
[Black "Hánl, František"]
[Result "0-1"]
[WhiteElo "1697"]
[BlackElo "1917"]
[PlyCount "80"]
[EventDate "2012.11.25"]

1. e4 e6 2. d4 d5 3. e5 c5 4. c3 Nc6 5. Nf3 Qb6 6. a3 Bd7 7. b4 cxb4 8. cxb4
Rc8 9. Be3 Nge7 10. Bd3 Nf5 11. Bxf5 exf5 12. O-O Be7 13. Qb3 O-O 14. Nc3 Be6
15. Nxd5 Qb5 16. Nxe7+ Nxe7 17. Qb2 Nd5 18. Rac1 f4 19. Bd2 Bg4 20. Qb3 Be6 21.
Qb2 h6 22. h4 Kh8 23. Rxc8 Rxc8 24. Rc1 Rg8 25. g3 fxg3 26. fxg3 Qd3 27. Kf2
Bg4 28. Ng1 g5 29. hxg5 hxg5 30. Re1 Kg7 31. Kg2 Rh8 32. Bxg5 Rc8 33. Rc1 Qe4+
34. Kh2 Rh8+ 35. Bh4 Ne3 36. Qf2 Bf5 37. Qf3 Qxd4 38. Re1 Rxh4+ 39. gxh4 Qxh4+
40. Nh3 Qxe1 0-1

[Event "Pribina - TPK Cup   Mistrovství ÈR junio"]
[Site "Havlíèkùv Brod - hotel Slunce"]
[Date "2012.11.28"]
[Round "5.28"]
[White "Bobek, Daniel"]
[Black "Maøíková, Jana"]
[Result "0-1"]
[WhiteElo "1629"]
[BlackElo "2002"]
[PlyCount "90"]
[EventDate "2012.11.25"]

1. e4 c5 2. Nf3 d6 3. d4 cxd4 4. Nxd4 Nf6 5. Nc3 a6 6. Bg5 Nbd7 7. Be2 e6 8.
O-O Be7 9. Bf3 O-O 10. Qd2 Qc7 11. Rfe1 Ne5 12. Be2 b5 13. f4 Nc4 14. Bxc4 Qxc4
15. e5 dxe5 16. fxe5 Bc5 17. exf6 Qxd4+ 18. Qxd4 Bxd4+ 19. Kh1 Bxf6 20. Bxf6
gxf6 21. Re3 Bb7 22. Rd1 Rfd8 23. Red3 Rxd3 24. Rxd3 b4 25. Ne2 Rc8 26. c3 Bd5
27. b3 bxc3 28. Nxc3 Kf8 29. Kg1 Bc6 30. Kf2 Ke7 31. g3 e5 32. Ke3 Ke6 33. Rd2
Bb7 34. Na4 f5 35. b4 Rc7 36. Nc5+ Ke7 37. Rf2 Bc8 38. Rd2 Rc6 39. Rd3 Rd6 40.
Ra3 Rb6 41. Rb3 Be6 42. Ra3 Bc4 43. Ra5 Rd6 44. Ra3 Kf6 45. Nd3 e4 0-1

[Event "Pribina - TPK Cup   Mistrovství ÈR junio"]
[Site "Havlíèkùv Brod - hotel Slunce"]
[Date "2012.11.28"]
[Round "5.29"]
[White "Schaffer, Ondøej"]
[Black "Kratochvíl, Vít"]
[Result "1-0"]
[WhiteElo "1748"]
[BlackElo "1944"]
[PlyCount "45"]
[EventDate "2012.11.25"]

1. d4 Nf6 2. c4 g6 3. Nf3 Bg7 4. Nc3 c5 5. d5 d6 6. Bd2 Na6 7. Qb3 Nc7 8. e4
O-O 9. Be2 a6 10. O-O b5 11. Qc2 bxc4 12. Bxc4 Rb8 13. Rab1 Nd7 14. Na4 Nb5 15.
Bc3 Nxc3 16. Nxc3 Qa5 17. Nd2 Ne5 18. Be2 f5 19. f4 Nf7 20. Nc4 Qc7 21. Bd3
fxe4 22. Bxe4 Nh6 23. Rf3 1-0

[Event "Pribina - TPK Cup   Mistrovství ÈR junio"]
[Site "Havlíèkùv Brod - hotel Slunce"]
[Date "2012.11.28"]
[Round "5.30"]
[White "Zpìváková, Jana"]
[Black "Suchomelová, Simona"]
[Result "1-0"]
[WhiteElo "1921"]
[BlackElo "1757"]
[PlyCount "67"]
[EventDate "2012.11.25"]

1. d4 Nf6 2. c4 e6 3. Nf3 d5 4. Nc3 Be7 5. Bg5 O-O 6. e3 h6 7. Bh4 b6 8. Be2
Bb7 9. O-O Nbd7 10. Rc1 c5 11. h3 Rc8 12. cxd5 Nxd5 13. Bg3 N7f6 14. Nxd5 exd5
15. Bd3 Ne4 16. Bh2 Bf6 17. Ne5 cxd4 18. Rxc8 Qxc8 19. exd4 Ng5 20. Qa4 Bxe5
21. Bxe5 a5 22. Qb3 Qd8 23. Bb1 Ne4 24. Qc2 g6 25. f3 Nd6 26. b3 Nf5 27. Qd2
Kh7 28. Rc1 Re8 29. Bd3 Bc8 30. Bb5 Rf8 31. a4 Qe7 32. Rc7 Qd8 33. Qc3 Be6 34.
Qc6 1-0

[Event "Pribina - TPK Cup   Mistrovství ÈR junio"]
[Site "Havlíèkùv Brod - hotel Slunce"]
[Date "2012.11.28"]
[Round "5.32"]
[White "Macková, Veronika"]
[Black "Kopøiva, Martin"]
[Result "0-1"]
[WhiteElo "1724"]
[BlackElo "1776"]
[PlyCount "116"]
[EventDate "2012.11.25"]

1. d4 d5 2. c4 e6 3. cxd5 exd5 4. Nc3 Nf6 5. Bg5 Be7 6. Qc2 c6 7. e3 Nbd7 8.
Bd3 O-O 9. Nge2 h6 10. Bh4 Re8 11. h3 Ne4 12. Bxe7 Qxe7 13. Bxe4 dxe4 14. O-O-O
Nf6 15. g4 b6 16. Ng3 Ba6 17. Nf5 Qe6 18. Rdg1 Nd5 19. b3 Nb4 20. Qd2 Bd3 21.
Kb2 a5 22. Na4 Reb8 23. Qc3 Bb5 24. d5 Nd3+ 25. Kb1 Qe5 26. Qxe5 Nxe5 27. Nc3
Bd3+ 28. Kc1 cxd5 29. Ne7+ Kf8 30. Nexd5 Rc8 31. Kb2 Rc6 32. Nf4 Rac8 33. Rc1
b5 34. Ncd5 Rc2+ 35. Rxc2 Rxc2+ 36. Ka1 Rxf2 37. Rc1 Rc2 38. Rxc2 Bxc2 39. Kb2
Bd3 40. a3 Bf1 41. Kc2 g5 42. Nh5 Bxh3 43. Nhf6 Nxg4 44. Nxe4 Bg2 45. Nec3 b4
46. axb4 axb4 47. Nxb4 Nxe3+ 48. Kd3 Nf5 49. Nc2 h5 50. Ke2 Kg7 51. Kf2 Bb7 52.
b4 h4 53. Kg1 g4 54. Ne2 Kh6 55. Nf4 Kg5 56. Nd3 g3 57. Ne5 h3 58. Nxf7+ Kf6
0-1

[Event "Pribina - TPK Cup   Mistrovství ÈR junio"]
[Site "Havlíèkùv Brod - hotel Slunce"]
[Date "2012.11.28"]
[Round "5.33"]
[White "Zemková, Klára"]
[Black "Babièka, Michal"]
[Result "1/2-1/2"]
[WhiteElo "1702"]
[BlackElo "1700"]
[PlyCount "59"]
[EventDate "2012.11.25"]

1. e4 c5 2. Nf3 Nc6 3. d4 cxd4 4. Nxd4 Nf6 5. Nc3 e5 6. Ndb5 d6 7. Bg5 a6 8.
Na3 b5 9. Bxf6 gxf6 10. Nd5 f5 11. c3 fxe4 12. Bxb5 Bb7 13. Ba4 Bg7 14. Bc2 O-O
15. Bxe4 f5 16. Bc2 Qg5 17. Nc7 Qxg2 18. Bb3+ Kh8 19. Qd5 Nd4 20. Qxg2 Bxg2 21.
cxd4 Bxh1 22. Nxa8 Bxa8 23. O-O-O Be4 24. Kd2 Rf6 25. dxe5 dxe5 26. Ke1 h5 27.
Nc4 Rg6 28. Rd8+ Kh7 29. Rd7 Kh6 30. Nd6 1/2-1/2

[Event "Pribina - TPK Cup   Mistrovství ÈR junio"]
[Site "Havlíèkùv Brod - hotel Slunce"]
[Date "2012.11.28"]
[Round "5.34"]
[White "Jurèa, Marek"]
[Black "Suchomel, Jan"]
[Result "1/2-1/2"]
[WhiteElo "1893"]
[BlackElo "1435"]
[PlyCount "121"]
[EventDate "2012.11.25"]

1. d4 Nf6 2. c4 g6 3. Nc3 Bg7 4. e4 d6 5. f3 O-O 6. Be3 e5 7. Nge2 Nc6 8. d5
Ne7 9. Qd2 Bd7 10. Nc1 b6 11. Nd3 Kh8 12. O-O-O a6 13. g4 Qb8 14. h4 Rc8 15.
Kb1 a5 16. h5 c5 17. Qh2 b5 18. hxg6 fxg6 19. Bg5 Neg8 20. cxb5 c4 21. Nc1 Bxb5
22. Bxf6 Nxf6 23. g5 Nh5 24. Bh3 Rc7 25. Bg4 Be8 26. N1e2 Bf8 27. Bxh5 gxh5 28.
f4 Rb7 29. Rd2 exf4 30. Nxf4 Bg7 31. Qh3 a4 32. Ne6 Be5 33. Rf1 Bf7 34. Qe3 a3
35. Rff2 Qa7 36. Qxa7 Rbxa7 37. Nd4 Rb7 38. b3 cxb3 39. axb3 Bxd4 40. Rxd4
Rxb3+ 41. Ka2 Rxc3 42. Rxf7 Rc2+ 43. Ka1 Rc1+ 44. Ka2 Rc2+ 45. Ka1 Rg2 46. Rf6
Rc8 47. Rd1 Rcc2 48. Rf8+ Kg7 49. Rb8 Rxg5 50. Rb3 a2 51. Rb6 Rg6 52. e5 dxe5
53. d6 Rc8 54. Kxa2 Rd8 55. Kb3 Rd7 56. Kc4 h4 57. Kd5 h3 58. Rh1 Rh6 59. Kxe5
Kf7 60. Rf1+ Kg7 61. Rg1+ 1/2-1/2

[Event "Pribina - TPK Cup   Mistrovství ÈR junio"]
[Site "Havlíèkùv Brod - hotel Slunce"]
[Date "2012.11.28"]
[Round "5.35"]
[White "Zlámaná, Anna"]
[Black "Kuchaø, Tomáš"]
[Result "0-1"]
[WhiteElo "1484"]
[BlackElo "1697"]
[PlyCount "40"]
[EventDate "2012.11.25"]

1. e4 c5 2. Nf3 e6 3. Be2 Nc6 4. d4 cxd4 5. Nxd4 Nf6 6. Nc3 Bb4 7. Bf3 d5 8.
Nxc6 bxc6 9. exd5 cxd5 10. Qd3 O-O 11. O-O a5 12. Qd4 Ba6 13. Rd1 Rc8 14. Bg5
Rc4 15. Qa7 Qc8 16. Bxf6 Bc5 17. Nxd5 exd5 18. Qxf7+ Kxf7 19. Bxd5+ Kxf6 20.
Bxc4 Bxc4 0-1

[Event "Pribina - TPK Cup   Mistrovství ÈR junio"]
[Site "Havlíèkùv Brod - hotel Slunce"]
[Date "2012.11.28"]
[Round "5.36"]
[White "Skoøepa, Tomáš"]
[Black "Kubitová, Alžbìta"]
[Result "1-0"]
[WhiteElo "1695"]
[BlackElo "1422"]
[PlyCount "68"]
[EventDate "2012.11.25"]

1. e4 c5 2. Nf3 Nc6 3. d4 cxd4 4. Nxd4 Nf6 5. Nc3 e5 6. Ndb5 d6 7. Nd5 Nxd5 8.
exd5 Nb4 9. a3 Na6 10. c4 Bd7 11. Nc3 Be7 12. b4 O-O 13. Bd3 f5 14. O-O e4 15.
Bc2 Bf6 16. Bb2 Be5 17. Ba4 f4 18. Bxd7 Qxd7 19. Re1 Qf5 20. Rb1 f3 21. Nxe4
fxg2 22. Bxe5 dxe5 23. Rb3 Rad8 24. Kxg2 Nc7 25. Rf3 Qg4+ 26. Rg3 Qf5 27. Qg4
Rf7 28. Qxf5 Rxf5 29. Rg5 Rdf8 30. Rxf5 Rxf5 31. Ng3 Rg5 32. Re4 h5 33. h4 Rg4
34. Kf3 Rxh4 1-0

[Event "Pribina - TPK Cup   Mistrovství ÈR junio"]
[Site "Havlíèkùv Brod - hotel Slunce"]
[Date "2012.11.28"]
[Round "5.38"]
[White "Steinhauser, Václav"]
[Black "Valterová, Veronika"]
[Result "1-0"]
[WhiteElo "1534"]
[BlackElo "1339"]
[PlyCount "45"]
[EventDate "2012.11.25"]

1. d4 Nf6 2. Nf3 e6 3. Bg5 d5 4. e3 Nbd7 5. Nbd2 Be7 6. Bd3 O-O 7. c3 c5 8. Qb1
c4 9. Bc2 b5 10. a3 Bb7 11. h4 Ne4 12. Nxe4 dxe4 13. Bxe4 Bxe4 14. Qxe4 Bxg5
15. hxg5 f5 16. gxf6 Nxf6 17. Qxe6+ Kh8 18. Ng5 Qc7 19. Qf5 g6 20. Qxg6 Rae8
21. O-O-O Re7 22. Qc2 Rg7 23. Ne6 1-0

[Event "Pribina - TPK Cup   Mistrovství ÈR junio"]
[Site "Havlíèkùv Brod - hotel Slunce"]
[Date "2012.11.28"]
[Round "5.41"]
[White "Kaser, Jiøí"]
[Black "Kovaøík, Matyáš"]
[Result "1-0"]
[WhiteElo "1758"]
[BlackElo "1539"]
[PlyCount "123"]
[EventDate "2012.11.25"]

1. e4 e6 2. d4 d5 3. exd5 exd5 4. Nc3 c6 5. Nf3 Bd6 6. Be2 Nf6 7. Bg5 O-O 8.
O-O Bf5 9. Re1 Nbd7 10. h3 Re8 11. Qd2 Qc7 12. Nh4 Be4 13. Bd3 Bxd3 14. Qxd3 h6
15. Bd2 Rxe1+ 16. Rxe1 Re8 17. Rxe8+ Nxe8 18. Nf5 Bf8 19. Ne2 Qd8 20. Qg3 Kh7
21. Nf4 Ndf6 22. Qd3 Kh8 23. c4 Nd6 24. cxd5 Nxd5 25. Nxd5 Nxf5 26. Qxf5 Qxd5
27. Qc8 Qd6 28. Qxb7 Qxd4 29. Qxf7 Bd6 30. Qe8+ Kh7 31. Bc3 Qf4 32. g3 Qc4 33.
a3 Bc5 34. Qe1 Qd3 35. Kh2 Qf3 36. b4 Qxf2+ 37. Qxf2 Bxf2 38. Kg2 Bb6 39. Kf3
Kg6 40. Ke4 Kf7 41. Bd4 Bxd4 42. Kxd4 Ke6 43. Kc5 Kd7 44. b5 cxb5 45. Kxb5 Kc7
46. Ka6 Kb8 47. g4 Ka8 48. h4 Kb8 49. g5 h5 50. a4 g6 51. a5 Ka8 52. Kb5 Kb7
53. a6+ Kc7 54. Kc5 Kd7 55. Kd5 Ke7 56. Ke5 Kf7 57. Kd6 Kf8 58. Ke6 Kg7 59. Ke7
Kg8 60. Kf6 Kh7 61. Kf7 Kh8 62. Kxg6 1-0